01176 2200277 4500001002100000005001500021035002000036007000300056008004100059020002200100082001300122084001900135100002700154245010000181250001400281300003700295700002300332264003800355336002100393337003000414338002300444650002000467520037900487990001600866990001600882INLIS00000000004295020210816093831 a0010-0821000161ta210816 1 ind  a978-623-90624-9-1 a899.2213 a899.2213 DOR p0 aDorothea Rosa Herliany1 aPerempuan yang Menunggu :bsehimpun cerita pendek /cDorothea Rosa Herliany; editor, Harum Sari aCetakan 1 avi, 118 halaman ;c12 cm x 18 cm0 aHarum Sarieeditor aYogyakarta :bPojok Cerpen,c2020 2rdacontentateks 2rdamediaatanpa perantara 2rdacarrieravolume 4aFiksi Indonesia aPerempuan yang Menunggu merupakan kumpulan cerpen yang pernah termuat di berbagai media massa. Bagi Dorothea, cerpen adalah pergulatan seorang penulis berhadapan dengan kenyataan hidup, suatu usaha menangkap realitas untuk kemudian menjadikannya sebagai realitas baru. Membaca cerpen-cerpen dalam buku ini memberikan kepada kita suatu dunia pengalaman yang menarik dan lain. a47961.60781 a47961.60781